Voltage stabilizers / (Record no. 180987)

000 -LEADER
fixed length control field 00677 a2200181 4500
003 - CONTROL NUMBER IDENTIFIER
control field Nust
005 - DATE AND TIME OF LATEST TRANSACTION
control field 20221117170810.0
040 ## - CATALOGING SOURCE
Transcribing agency Nust
082 ## - DEWEY DECIMAL CLASSIFICATION NUMBER
Classification number 621.3343,BEN
100 1# - MAIN ENTRY--PERSONAL NAME
Personal name Benson Frank Atkinson
9 (RLIN) 102965
245 ## - TITLE STATEMENT
Title Voltage stabilizers /
Statement of responsibility, etc. Frank Atkinson Benson
260 ## - PUBLICATION, DISTRIBUTION, ETC.
Place of publication, distribution, etc. Macdonald
Name of publisher, distributor, etc. London
Date of publication, distribution, etc. 1965
300 ## - PHYSICAL DESCRIPTION
Extent xiii, 125 p
Other physical details illus
Dimensions 23 cm
505 ## - FORMATTED CONTENTS NOTE
Formatted contents note Introduction (Page-9), Stabilizers Employing Magnetic Saturation (Page-12), Stabilizers Employing Glow-Discharge Tubes (Page-23), Stabilizers Employing Thermionic Valves (Page-52), Mis Circuits (Page-86).
600 ## - SUBJECT ADDED ENTRY--PERSONAL NAME
Personal name Frank Atkinson Benson
9 (RLIN) 102966
650 ## - SUBJECT ADDED ENTRY--TOPICAL TERM
Topical term or geographic name entry element Voltage stabilizers
9 (RLIN) 102967
942 ## - ADDED ENTRY ELEMENTS (KOHA)
Source of classification or shelving scheme
Koha item type Book
Holdings
Withdrawn status Lost status Source of classification or shelving scheme Damaged status Not for loan Permanent Location Current Location Shelving location Date acquired Full call number Barcode Date last seen Price effective from Koha item type Public note
          Military College of Signals (MCS) Military College of Signals (MCS) General Stacks 12/12/2016 621.3343,BEN MCS5380 12/08/2016 12/12/2016 Book Almirah No.30, Shelf No.2
© 2023 Central Library, National University of Sciences and Technology. All Rights Reserved.